Rhodes International Airport Destinations (Rhodes, Greece) - Statistics

General Stats
  • This quiz has been taken 92 times
    42 since last reset
  • The average score is 100 of 145
Answer Stats
Airline Destination % Correct
Aegean Airlines/Sky Express Athens
100%
British Airways/easyJet/TUI Airways London (Gatwick)
97%
British Airways London (Heathrow)
97%
easyJet/Jet2.com/TUI Airways London (Luton)
97%
Jet2.com/Ryanair/TUI Airways London (Stansted)
97%
Norwegian Air Shuttle/Scandinavian Airlines/Sunclass Airlines Oslo
97%
Ryanair Rome (Ciampino)
97%
ITA Airways/Neos/Wizz Air Rome (Fiumicino)
97%
Corendon Dutch Airlines/easyJet/Transavia/TUI fly Netherlands Amsterdam
94%
Condor/easyJet/Eurowings/Ryanair/Sundair Berlin
94%
Braathens International Airways/Finnair/Norwegian Air Shuttle/Sunclass Airlines Helsinki
94%
Transavia/Volotea Lyon
94%
ITA Airways Milan (Linate)
94%
easyJet/Neos Milan (Malpensa)
94%
LOT Polish Airlines/Smartwings/Wizz Air Warsaw (Chopin)
94%
Ryanair Warsaw (Modlin)
94%
Brussels Airlines/Corendon Dutch Airlines/TUI fly Belgium Brussels
91%
Norwegian Air Shuttle/Scandinavian Airlines/Sunclass Airlines Copenhagen
91%
Condor/Eurowings/Marabu Hamburg
91%
Aegean Airlines Istanbul
91%
Pegasus Airlines Istanbul (Sabiha Gökçen)
91%
Braathens International Airways/Sunclass Airlines Malmö
91%
Condor/Discover Airlines/Lufthansa/Marabu/TUI fly Deutschland Munich
91%
easyJet/Ryanair/Volotea Naples
91%
Air France/Sky Express Paris (Charles de Gaulle)
91%
easyJet/Transavia Paris (Orly)
91%
Aegean Airlines/Arkia/Corendon Airlines/FLYYO/Israir Airlines/Neos/Sun d'Or/Wizz Air Tel Aviv
91%
easyJet/Jet2.com/TUI Airways Belfast (International)
88%
Sunclass Airlines Bergen
88%
Ryanair/Smartwings/Wizz Air Budapest
88%
Corendon Airlines/Eurowings/Leav Aviation Cologne/Bonn
88%
Ryanair/TUI fly Netherlands Dublin
88%
Condor/Discover Airlines/TUI fly Deutschland Frankfurt
88%
Braathens International Airways/Scandinavian Airlines/Sunclass Airlines/TUI fly Nordic Gothenburg
88%
Enter Air/Ryanair Kraków
88%
Jet2.com Liverpool
88%
easyJet/Jet2.com/Ryanair/TUI Airways Manchester
88%
airBaltic Riga
88%
Braathens International Airways/Norwegian Air Shuttle/Ryanair/Scandinavian Airlines/Sunclass Airlines/TUI fly Nordic Stockholm (Arlanda)
88%
Aegean Airlines/Ryanair Thessaloniki
88%
Austrian Airlines/Condor/Ryanair Vienna
88%
Chair Airlines/Condor/Edelweiss Air/Helvetic Airways Zürich
88%
Air Serbia/Sky Express Belgrade
84%
easyJet/Jet2.com/Ryanair/TUI Airways Birmingham
84%
Animawings Bucharest (Otopeni)
84%
Condor/Corendon Airlines/Eurowings/TUI fly Deutschland Düsseldorf
84%
easyJet/Jet2.com/Ryanair Edinburgh
84%
Jet2.com/TUI Airways Glasgow
84%
easyJet/Jet2.com/TUI Airways Bristol
81%
easyJet/Swiss International Air Lines Geneva
81%
Corendon Airlines/TUI fly Deutschland Hannover
81%
Aegean Airlines/Olympic Air/Sky Express Heraklion
81%
Sky Express Kos
81%
Volotea Lille
81%
Eurowings/Ryanair/Smartwings Prague
81%
TUI fly Netherlands Rotterdam/The Hague
81%
Ryanair Sofia
81%
Braathens International Airways Aalborg
78%
TUI Airways Aberdeen
78%
easyJet Basel/Mulhouse
78%
easyJet Bordeaux
78%
Sundair Bremen
78%
Ryanair Cork
78%
Eurowings Dortmund
78%
Sundair Dresden
78%
Jet2.com Leeds/Bradford
78%
Condor/Marabu Leipzig/Halle
78%
Luxair Luxembourg
78%
Ryanair Marseille
78%
easyJet/Jet2.com/TUI Airways Newcastle upon Tyne
78%
Condor/Eurowings/TUI fly Deutschland Stuttgart
78%
airBaltic/Nordica Tallinn
78%
easyJet Toulouse
78%
Ryanair/Volotea Bari
75%
TUI Airways Cardiff
75%
easyJet/Transavia/Volotea Nantes
75%
Condor/Corendon Airlines/Eurowings/Marabu/TUI fly Deutschland Nuremberg
75%
TUI fly Belgium Ostend/Bruges
75%
Eurowings Salzburg
75%
Norwegian Air Shuttle/Scandinavian Airlines/Sunclass Airlines Trondheim
75%
Neos/Ryanair Bologna
72%
Jet2.com/Ryanair/TUI Airways Bournemouth
72%
Transavia/TUI fly Netherlands Eindhoven
72%
Eurowings Graz
72%
Eurowings Innsbruck
72%
TUI fly Belgium Liège
72%
Norwegian Air Shuttle/Sunclass Airlines Stavanger
72%
Sky Express/Smartwings Bratislava
69%
Smartwings Brno
69%
Jet2.com/Ryanair/TUI Airways East Midlands
69%
Aegean Airlines Santorini
69%
Neos Verona
69%
Sunclass Airlines Billund
66%
Aegean Airlines Chania
66%
Corendon Dutch Airlines Groningen
66%
Enter Air/Smartwings Katowice
66%
European Air Charter Linz
66%
Aegean Airlines Tirana
66%
Helvetic Airways Bern
63%
Neos/Ryanair Catania
63%
Ryanair Charleroi
63%
Sky Express Cluj-Napoca
63%
Smartwings Košice
63%
Smartwings Ostrava
63%
Smartwings Poznań
63%
Gulf Air Bahrain
59%
Neos/Ryanair Bergamo
59%
TUS Airways Larnaca
59%
Braathens International Airways/Scandinavian Airlines Luleå
59%
Corendon Dutch Airlines Maastricht/Aachen
59%
SmartLynx Airlines Münster/Osnabrück
59%
Ryanair Paphos
59%
Ryanair Pisa
59%
airHaifa/Israir Haifa
56%
Aegean Airlines/Ryanair Memmingen
56%
TUI Airways Norwich
56%
Sky Express Iași
53%
Ryanair Kaunas
53%
Ryanair/Sky Express Weeze
53%
Sunclass Airlines/TUI fly Nordic Norrköping
50%
TUI Airways Exeter
44%
Olympic Air/Sky Express Karpathos
44%
Sky Express Samos
44%
Sky Express Timișoara
44%
Sunclass Airlines Växjö
44%
Aegean Airlines Friedrichshafen
34%
Smartwings Rzeszow
34%
Sky Express Craiova
31%
Sundair Lübeck
31%
Sunclass Airlines Örebro
28%
Sky Express Sibiu
28%
Sky Express Chios
25%
Sky Express Mytilene
25%
Sky Express Brașov
22%
Sky Express Lemnos
22%
Sunclass Airlines Karlstad
16%
Sky Express Kalymnos
13%
Smartwings České Budějovice
9%
Olympic Air Sitia
9%
Sunclass Airlines Borlänge
6%
Olympic Air Kasos
6%
Olympic Air Kastellorizo
6%
Sky Express Leros
6%
Sunclass Airlines Molde
3%
No matching quizzes found
Score Distribution
Percent of People with Each Score
Percentile by Number Answered
Your Score History
You have not taken this quiz since the last reset